| 000 -CABECERA |
| campo de control de longitud fija |
02601nam a2200349 i 4500 |
| 003 - IDENTIFICADOR DEL NÚMERO DE CONTROL |
| campo de control |
OSt |
| 005 - FECHA Y HORA DE LA ÚLTIMA TRANSACCIÓN |
| campo de control |
20210208114951.0 |
| 007 - CAMPO FIJO DE DESCRIPCIÓN FÍSICA--INFORMACIÓN GENERAL |
| campo de control de longitud fija |
ta |
| 008 - DATOS DE LONGITUD FIJA--INFORMACIÓN GENERAL |
| campo de control de longitud fija |
201029m20172020ck |||jr|||| 00| j spa d |
| 020 ## - NÚMERO INTERNACIONAL ESTÁNDAR DEL LIBRO |
| Número Internacional Estándar del Libro |
9789585403178 |
| 040 ## - FUENTE DE LA CATALOGACIÓN |
| Centro catalogador/agencia de origen |
CO-BoRNBP |
| Lengua de catalogación |
spa |
| Centro/agencia transcriptor |
CO-BoRNBP |
| Normas de descripción |
rda |
| 084 ## - OTRO NÚMERO DE CLASIFICACIÓN |
| Número de clasificación |
JC SIMA |
| 100 1# - ENTRADA PRINCIPAL--NOMBRE DE PERSONA |
| Nombre de persona |
Simanca Pushaina, Estercilia |
| Fechas asociadas al nombre |
1975- |
| Término indicativo de función/relación |
autor |
| 9 (RLIN) |
164558 |
| 245 10 - MENCIÓN DE TÍTULO |
| Título |
Por los valles de la arena dorada |
| Resto del título |
cuentos |
| Mención de responsabilidad, etc. |
Estercilia Simanca Pushaina ; prólogo de Miguel Rocha Vivas |
| 250 ## - MENCIÓN DE EDICIÓN |
| Mención de edición |
Primera edición |
| Resto de la mención de edición |
Sexta reimpresión |
| 264 #1 - PRODUCCIÓN, PUBLICACIÓN, DISTRIBUCIÓN, FABRICACIÓN Y COPYRIGHT |
| Producción, publicación, distribución, fabricación y copyright |
Bogotá |
| Nombre del de productor, editor, distribuidor, fabricante |
Loqueleo |
| -- |
Distribuidora y Editora Richmond |
| Fecha de producción, publicación, distribución, fabricación o copyright |
2017 |
| -- |
2020 |
| 300 ## - DESCRIPCIÓN FÍSICA |
| Extensión |
98 páginas |
| Dimensiones |
22 cm |
| 336 ## - TIPO DE CONTENIDO |
| Fuente |
rdacontent |
| Término de tipo de contenido |
texto |
| Código de tipo de contenido |
txt |
| 337 ## - TIPO DE MEDIO |
| Fuente |
rdamedia |
| Nombre/término del tipo de medio |
sin mediación |
| Código del tipo de medio |
n |
| 338 ## - TIPO DE SOPORTE |
| Fuente |
rdacarrier |
| Nombre/término del tipo de soporte |
volumen |
| Código del tipo de soporte |
nc |
| 500 ## - NOTA GENERAL |
| Nota general |
Por los valles de arena dorada (Cuentos)<br/><br/>Por los valles de arena dorada recoge la producción narrativa de quince años de Estercilia Simanca Pushaina. Los cuentos aquí reunidos son de una belleza inusual que contiene la fuerza mitológica y la simbología propia de la etnia wayuu, de la región de La Guajira, lugar de origen de la autora. Simanca Pushaina parte de allí para engendrar una voz propia y auténtica. La mujer narradora de estos cuentos consigna en el poder de la palabra que va tejiendo —como Waleker, la araña que inspira el tejido de los chinchorros—, el sentir de ella misma, que es el sentir de un pueblo.<br/><br/>La riqueza literaria de estos cuentos ancla y al mismo tiempo les da vuelo a las historias que nos hablan de las costumbres wayuu, de las relaciones entre mujeres y hombres, del hambre que azota a los niños de la región, del despojo de tierras al que han sido sometidos, de la relación de los wayuu con los arijunas (forasteros, no wayuu); de todo esto que ocurre allí, en los valles de arena dorada.<br/><br/>Esta edición cuenta con un prólogo de Miguel Rocha Vivas, autor, fotógrafo, ganador del premio de ensayo Casa de las Américas de Cuba 2016. |
| 521 ## - NOTA DE PÚBLICO DESTINATARIO |
| Nota de público destinatario |
Recomendado para un público mayor de 15 años |
| 545 ## - DATOS BIOGRÁFICOS O HISTÓRICOS |
| Datos biográficos o históricos |
Incluye datos biográficos de la autora en solapa |
| 650 17 - PUNTO DE ACCESO ADICIONAL DE MATERIA--TÉRMINO DE MATERIA |
| Fuente del encabezamiento o término |
LEMB |
| Término de materia o nombre geográfico como elemento de entrada |
Cuentos juveniles colombianos |
| Subdivisión cronológica |
Siglo XX |
| 9 (RLIN) |
164559 |
| 650 17 - PUNTO DE ACCESO ADICIONAL DE MATERIA--TÉRMINO DE MATERIA |
| Fuente del encabezamiento o término |
LEMB |
| Término de materia o nombre geográfico como elemento de entrada |
Literatura juvenil colombiana |
| Subdivisión cronológica |
Siglo XX |
| 9 (RLIN) |
10133 |
| 650 17 - PUNTO DE ACCESO ADICIONAL DE MATERIA--TÉRMINO DE MATERIA |
| Fuente del encabezamiento o término |
LEMB |
| Término de materia o nombre geográfico como elemento de entrada |
Autores colombianos |
| Subdivisión cronológica |
Siglo XX |
| 9 (RLIN) |
3714 |
| 650 17 - PUNTO DE ACCESO ADICIONAL DE MATERIA--TÉRMINO DE MATERIA |
| Fuente del encabezamiento o término |
LEMB |
| Término de materia o nombre geográfico como elemento de entrada |
Mitología Wayuu |
| Subdivisión de forma |
Cuentos |
| 9 (RLIN) |
154324 |
| 650 17 - PUNTO DE ACCESO ADICIONAL DE MATERIA--TÉRMINO DE MATERIA |
| Fuente del encabezamiento o término |
LEMB |
| Término de materia o nombre geográfico como elemento de entrada |
Wayuu (Indígenas de Colombia) |
| Subdivisión general |
Vida social y costumbres |
| Subdivisión de forma |
Cuentos |
| 9 (RLIN) |
164560 |
| 650 17 - PUNTO DE ACCESO ADICIONAL DE MATERIA--TÉRMINO DE MATERIA |
| Fuente del encabezamiento o término |
LEMB |
| Término de materia o nombre geográfico como elemento de entrada |
Desiertos |
| Subdivisión geográfica |
Guajira (Departamento, Colombia) |
| Subdivisión de forma |
Cuentos |
| 9 (RLIN) |
153840 |
| 700 1# - PUNTO DE ACCESO ADICIONAL--NOMBRE DE PERSONA |
| Nombre de persona |
Rocha Vivas, Miguel |
| Término indicativo de función/relación |
prologuista |
| 9 (RLIN) |
59695 |
| 942 ## - ELEMENTOS DE PUNTO DE ACCESO ADICIONAL (KOHA) |
| Tipo de ítem Koha |
Libro Literatura |